[Event "28th CRO-chT 1B-Men 2019"]
[Site "Mali Losinj"]
[Date "2019.10.03"]
[Round "6.17"]
[White "Polok, Kacper"]
[Black "Sinanovic, Muhamed"]
[Result "1-0"]
[WhiteElo "2301"]
[BlackElo "2312"]
[Annotator "NA"]
[PlyCount "67"]
[EventDate "2019.09.28"]
[EventType "team-tourn"]
[EventCountry "CRO"]
[SourceTitle "playchess.com"]
[Source "ChessBase"]
[SourceQuality "1"]
[TimeControl "40/5400+30:1800+30"]

1. d4 {[%emt 0:00:30]} Nf6 {[%emt 0:00:30]} 2. c4 {[%emt 0:00:30]} e6 {[%emt 0:04:30]} 3. Nf3 {[%emt 0:00:30]} Bb4+ {[%emt 0:00:30]} 4. Nbd2 {[%emt 0:00:30]} O-O {[%emt 0:00:30]} 5. a3 {[%emt 0:00:30]} Be7 {[%emt 0:00:30]} 6. e4 {[%emt 0:02:30]} d6 {[%emt 0:00:30]} 7. Bd3 {[%emt 0:00:30]} Nfd7 {[%emt 0:00:00]} 8. b4 {[%emt 0:01:30]} e5 {[%emt 0:01:00]} 9. d5 {[%emt 0:00:00]} a5 {[%emt 0:02:30]} 10. Bb2 {[%emt 0:02:00]} c5 {[%emt 0:01:30]} 11. b5 {[%emt 0:01:30]} Bg5 {[%emt 0:07:30]} 12. h4 {[%emt 0:09:30]} Bh6 {[%emt 0:01:30]} 13. Qe2 {[%emt 0:13:30]} Nb6 {[%emt 0:06:30]} 14. Nf1 {[%emt 0:16:30]} Na4 {[%emt 0:12:30]} 15. Bc1 {[%emt 0:00:30]} Bxc1 {[%emt 0:00:00]} 16. Rxc1 {[%emt 0:00:00]} Nd7 {[%emt 0:02:00]} 17. Ne3 {[%emt 0:05:00]} Nf6 {[%emt 0:00:30]} 18. Nh2 {[%emt 0:01:30]} Nb6 {[%emt 0:02:30]} 19. O-O {[%emt 0:04:30]} g6 {[%emt 0:06:30]} 20. g4 {[%emt 0:02:30]} Ne8 {[%emt 0:03:30]} 21. Ng2 {[%emt 0:00:30]} Nd7 {[%emt 0:01:30]} 22. Rc3 {[%emt 0:01:30]} h6 {[%emt 0:07:30]} 23. Bc2 {[%emt 0:05:30]} g5 {[%emt 0:01:30]} 24. Rh3 {[%emt 0:01:30]} f6 {[%emt 0:06:30]} 25. Ne3 {[%emt 0:01:30]} Rf7 {[%emt 0:00:30]} 26. Nf5 {[%emt 0:06:30]} Rh7 {[%emt 0:00:30]} 27. hxg5 {[%emt 0:03:13]} hxg5 {[%emt 0:00:00]} 28. Rxh7 {[%emt 0:00:17]} Kxh7 {[%emt 0:00:00]} 29. f4 {[%emt 0:00:30]} Nf8 {[%emt 0:06:30]} 30. fxg5 {[%emt 0:00:38]} fxg5 {[%emt 0:03:30]} 31. Nh6 {[%emt 0:00:58]} Ng6 {[%emt 0:01:30]} 32. Nf7 {[%emt 0:00:13]} Qe7 {[%emt 0:00:30]} 33. Nf3 {[%emt 0:00:17]} Kg7 {[%emt 0:00:30]} 34. N3xg5 {[%emt 0:01:07]} 1-0

[Event "28th CRO-chT 1B-Men 2019"]
[Site "Mali Losinj"]
[Date "2019.10.03"]
[Round "6.18"]
[White "Zelic, Mladen"]
[Black "Ivic, Mateo"]
[Result "1-0"]
[WhiteElo "2209"]
[BlackElo "2140"]
[Annotator "NA"]
[PlyCount "37"]
[EventDate "2019.09.28"]
[EventType "team-tourn"]
[EventCountry "CRO"]
[SourceTitle "playchess.com"]
[Source "ChessBase"]
[SourceQuality "1"]
[TimeControl "40/5400+30:1800+30"]

1. e4 {[%emt 0:00:30]} e5 {[%emt 0:00:30]} 2. f4 {[%emt 0:00:00]} d5 {[%emt 0:00:30]} 3. exd5 {[%emt 0:00:00]} e4 {[%emt 0:01:30]} 4. d3 {[%emt 0:00:30]} Nf6 {[%emt 0:00:30]} 5. dxe4 {[%emt 0:00:00]} Nxe4 {[%emt 0:00:30]} 6. Nf3 {[%emt 0:00:00]} Bc5 {[%emt 0:00:30]} 7. Qe2 {[%emt 0:00:30]} Bf5 {[%emt 0:03:30]} 8. Nc3 {[%emt 0:01:30]} Qe7 {[%emt 0:00:00]} 9. Be3 {[%emt 0:00:30]} Nd7 {[%emt 0:00:00]} 10. Nxe4 {[%emt 0:16:30]} Bxe4 {[%emt 0:09:30]} 11. Bxc5 {[%emt 0:00:30]} Nxc5 {[%emt 0:00:30]} 12. O-O-O {[%emt 0:00:30]} O-O-O {[%emt 0:00:00]} 13. Ng5 {[%emt 0:09:30]} Kb8 {[%emt 0:21:00]} 14. Qe3 {[%emt 0:07:30]} Rhe8 {[%emt 0:05:30]} 15. Bc4 {[%emt 0:03:30]} Qf6 {[%emt 0:19:30]} 16. Rhe1 {[%emt 0:21:30]} b6 {[%emt 0:24:30]} 17. Bb5 {[%emt 0:05:30]} Re7 {[%emt 0:03:30]} 18. Rd4 {[%emt 0:02:30]} a6 {[%emt 0:05:33]} 19. Bc6 {[%emt 0:01:30]} 1-0

[Event "28th CRO-chT 1B-Men 2019"]
[Site "Mali Losinj"]
[Date "2019.10.03"]
[Round "6.19"]
[White "Lenic, Luka"]
[Black "Brkic, Ante"]
[Result "1-0"]
[WhiteElo "2644"]
[BlackElo "2600"]
[Annotator "TA"]
[PlyCount "133"]
[EventDate "2019.09.28"]
[EventType "team-tourn"]
[EventCountry "CRO"]
[SourceTitle "playchess.com"]
[Source "ChessBase"]
[SourceQuality "1"]

{[%evp 12,133,13,13,24,31,16,10,20,13,20,14,21,10,10,10,31,17,50,34,63,46,46,46,43,42,56,54,55,42,43,35,43,24,42,45,53,35,54,54,61,59,72,64,64,58,70,59,69,64,76,79,87,78,86,75,143,145,164,167,162,160,167,167,158,158,165,166,190,189,233,200,200,195,200,174,213,212,182,100,112,87,87,87,87,87,102,106,102,104,106,113,120,110,89,106,98,104,93,112,225,215,254,0,157,53,53,53,192,207,163,60,562,558,450,450,2786,2404,2786,2786,2786,2416,29951,29954]} 1. d4 Nf6 2. c4 e6 3. Nf3 d5 4. Nc3 Bb4 5. cxd5 exd5 6. Bg5 h6 7. Bh4 O-O {D38: Queen's Gambit Declined: Ragozin Defence (4 Nf3 Bb4)} 8. e3 Bf5 9. Be2 Nbd7 {The position is equal.} 10. Qb3 Bxc3+ 11. Qxc3 Ne4 12. Qb3 $146 ({Predecessor:} 12. Bxd8 Nxc3 13. bxc3 Rfxd8 14. a4 c5 15. a5 {1-0 (63) Leko,P (2674)-Vidit,S (2703) Biel 2019}) 12... Ndf6 13. O-O Rb8 14. Qa3 a6 15. Ne5 Qd6 16. Qxd6 (16. Rac1 {with more complications.} Qxa3 17. bxa3 Rbc8 18. g4 Be6 19. f3) 16... cxd6 17. Bxf6 $1 Nxf6 18. Nd3 Rbc8 19. Rfc1 Rfe8 20. Ne1 g5 21. Rxc8 Rxc8 22. f3 Nd7 23. Kf2 Bg6 24. Bd1 f5 25. Ke2 Nf6 26. Kd2 Bf7 27. a4 Kf8 28. Nd3 Ke7 29. Ra3 Rc7 30. Nc1 Kd8 31. Ne2 Be6 32. Bc2 Nh5 33. Ra1 Rf7 (33... f4 $142) 34. h4 $1 $16 Ke7 35. hxg5 hxg5 36. Rh1 Ng7 37. Rh6 Ne8 38. a5 Bd7 39. Rg6 g4 40. Nf4 Nc7 41. Bb3 gxf3 42. Nxd5+ Nxd5 43. Bxd5 $18 {[%mdl 4096] Endgame KRB-KRB} Rh7 44. Bxf3 Bc6 45. Ke2 (45. d5 $18 Be8 46. Re6+ Kd7 47. Rf6) 45... Rh1 $16 46. d5 Bd7 47. Rg7+ Kd8 48. Rg8+ Kc7 49. e4 {Black must now prevent exf5.} Rb1 50. exf5 Rxb2+ 51. Ke3 Bxf5 {[#]} 52. g4 $1 {[%cal Rg4f5]} Bb1 53. g5 {g6 is the strong threat.} Rb3+ 54. Kf4 Rb4+ 55. Kg3 {aiming for g6.} Rb3 (55... Kd7 $16 {was worth a try.} 56. Bg4+ Ke7) 56. Kg4 $18 Rb4+ 57. Kg3 Rb3 58. Rf8 (58. Rg7+ $16 Kd8 59. Kg4) 58... b6 $14 59. axb6+ Rxb6 ({Black should play} 59... Kb7 $14) 60. Rf7+ $18 Kd8 {[#]} 61. Bg4 ({Better is} 61. Kh4 $1 $18) 61... Ke8 $2 {[%mdl 8192]} ({Black should try} 61... Be4 $14) 62. Bh5 {Threatens to win with Rb7+.} Kd8 63. g6 Rb3+ (63... Bxg6 $142 64. Bxg6 Rb5) 64. Kf4 Rb4+ 65. Kg5 Bxg6 66. Kxg6 a5 67. Kf5 {Accuracy: White = 68%, Black = 40%.} 1-0

[Event "28th CRO-chT 1B-Men 2019"]
[Site "Mali Losinj"]
[Date "2019.10.03"]
[Round "6.20"]
[White "Kadric, Denis"]
[Black "Postny, Evgeny"]
[Result "0-1"]
[WhiteElo "2577"]
[BlackElo "2597"]
[Annotator "ChessBase"]
[PlyCount "94"]
[EventDate "2019.09.28"]
[EventType "team-tourn"]
[EventCountry "CRO"]
[SourceTitle "playchess.com"]
[Source "ChessBase"]
[SourceQuality "1"]
[TimeControl "40/5400+30:1800+30"]

1. e4 {[%emt 0:00:30]} e5 {[%emt 0:01:30]} 2. Nf3 {[%emt 0:00:00]} Nc6 {[%emt 0:00:00]} 3. Bc4 {[%emt 0:00:00]} Nf6 {[%emt 0:00:00]} 4. d3 {[%emt 0:00:00]} Be7 {[%emt 0:00:30]} 5. O-O {[%emt 0:00:00]} O-O {[%emt 0:00:00]} 6. a4 {[%emt 0:00:00]} d6 {[%emt 0:00:00]} 7. a5 {[%emt 0:00:00]} Be6 {[%emt 0:01:30]} 8. a6 {[%emt 0:00:30]} b6 {[%emt 0:00:00]} 9. Nc3 {[%emt 0:01:30]} Qc8 {[%emt 0:06:00]} 10. Bg5 {[%emt 0:05:30]} h6 {[%emt 0:16:30]} 11. Bxf6 {[%emt 0:02:30]} Bxf6 {[%emt 0:01:30]} 12. Nd5 {[%emt 0:00:30]} Bd8 {[%emt 0:00:30]} 13. c3 {[%emt 0:07:30]} Rb8 {[%emt 0:03:30]} 14. Qa4 {[%emt 0:14:30]} Na5 {[%emt 0:14:30]} 15. Ba2 {[%emt 0:00:30]} Qd7 {[%emt 0:04:30]} 16. Qxd7 {[%emt 0:06:30]} Bxd7 {[%emt 0:00:30]} 17. b4 {[%emt 0:00:30]} Nc6 {[%emt 0:00:30]} 18. d4 {[%emt 0:00:00]} Re8 {[%emt 0:09:30]} 19. Rfe1 {[%emt 0:00:00]} Rc8 {[%emt 0:05:30]} 20. Rad1 {[%emt 0:03:30]} Nb8 {[%emt 0:04:30]} 21. dxe5 {[%emt 0:00:30]} dxe5 {[%emt 0:00:30]} 22. Ne3 {[%emt 0:00:30]} c6 {[%emt 0:10:19]} 23. Rd3 {[%emt 0:16:30]} Bc7 {[%emt 0:01:17]} 24. Red1 {[%emt 0:00:30]} Rcd8 {[%emt 0:05:37]} 25. Bb3 {[%emt 0:01:30]} Kf8 {[%emt 0:00:56]} 26. Nc4 {[%emt 0:01:30]} Be6 {[%emt 0:01:28]} 27. Nfxe5 {[%emt 0:10:30]} Rxd3 {[%emt 0:01:57]} 28. Nxd3 {[%emt 0:00:00]} Rd8 {[%emt 0:00:53]} 29. Ndb2 {[%emt 0:09:34]} Rxd1+ {[%emt 0:00:25]} 30. Bxd1 {[%emt 0:02:02]} b5 {[%emt 0:02:01]} 31. Na5 {[%emt 0:08:25]} Be5 {[%emt 0:00:12]} 32. Nd3 {[%emt 0:00:02]} Bxc3 {[%emt 0:00:04]} 33. Be2 {[%emt 0:04:21]} Ba2 {[%emt 0:02:40]} 34. Bg4 {[%emt 0:03:24]} Bb1 {[%emt 0:01:27]} 35. Nc5 {[%emt 0:00:02]} Bxb4 {[%emt 0:00:11]} 36. Nab7 {[%emt 0:00:01]} Ke7 {[%emt 0:02:35]} 37. e5 {[%emt 0:00:03]} f6 {[%emt 0:03:38]} 38. f4 {[%emt 0:00:37]} fxe5 {[%emt 0:00:20]} 39. fxe5 {[%emt 0:00:01]} Bc3 {[%emt 0:00:37]} 40. e6 {[%emt 0:00:00]} Bg6 {[%emt 0:00:00]} 41. Kf1 {[%emt 0:01:28]} Bd4 {[%emt 0:06:23]} 42. Ke2 {[%emt 0:04:30]} Bxc5 {[%emt 0:02:30]} 43. Nxc5 {[%emt 0:00:30]} Kd6 {[%emt 0:00:30]} 44. Nb7+ {[%emt 0:00:00]} Kc7 {[%emt 0:02:30]} 45. Nc5 {[%emt 0:00:00]} Kd6 {[%emt 0:04:08]} 46. Nb7+ {[%emt 0:00:30]} Kd5 {[%emt 0:00:05]} 47. e7 {[%emt 0:02:30]} Be8 {[%emt 0:01:24]} 0-1

[Event "28th CRO-chT 1B-Men 2019"]
[Site "Mali Losinj"]
[Date "2019.10.03"]
[Round "6.21"]
[White "Jovanovic, Zoran"]
[Black "Stojanovski, Dejan"]
[Result "1/2-1/2"]
[WhiteElo "2507"]
[BlackElo "2428"]
[Annotator "ChessBase"]
[PlyCount "35"]
[EventDate "2019.09.28"]
[EventType "team-tourn"]
[EventCountry "CRO"]
[SourceTitle "playchess.com"]
[Source "ChessBase"]
[SourceQuality "1"]
[TimeControl "40/5400+30:1800+30"]

1. e4 {[%emt 0:04:30]} c5 {[%emt 0:00:30]} 2. Nf3 {[%emt 0:00:00]} Nc6 {[%emt 0:00:00]} 3. Bb5 {[%emt 0:00:00]} g6 {[%emt 0:00:00]} 4. O-O {[%emt 0:01:30]} Bg7 {[%emt 0:00:00]} 5. Nc3 {[%emt 0:01:30]} e5 {[%emt 0:03:00]} 6. a3 {[%emt 0:00:30]} Nge7 {[%emt 0:00:30]} 7. b4 {[%emt 0:00:00]} b6 {[%emt 0:01:30]} 8. bxc5 {[%emt 0:06:00]} bxc5 {[%emt 0:00:00]} 9. d3 {[%emt 0:05:30]} O-O {[%emt 0:02:00]} 10. Bc4 {[%emt 0:01:30]} h6 {[%emt 0:09:30]} 11. Rb1 {[%emt 0:09:30]} d6 {[%emt 0:00:30]} 12. Nd5 {[%emt 0:00:30]} Be6 {[%emt 0:13:30]} 13. Bd2 {[%emt 0:11:30]} Rb8 {[%emt 0:14:30]} 14. Rxb8 {[%emt 0:10:30]} Nxb8 {[%emt 0:02:30]} 15. Qb1 {[%emt 0:05:30]} Nxd5 {[%emt 0:11:30]} 16. exd5 {[%emt 0:06:30]} Bg4 {[%emt 0:00:30]} 17. Qb7 {[%emt 0:00:30]} Nd7 {[%emt 0:00:30]} 18. Qxa7 {[%emt 0:00:00]} 1/2-1/2

[Event "28th CRO-chT 1B-Men 2019"]
[Site "Mali Losinj"]
[Date "2019.10.03"]
[Round "6.22"]
[White "Bosnjak, Petar"]
[Black "Bukal, Vladimir Jr."]
[Result "1/2-1/2"]
[WhiteElo "2265"]
[BlackElo "2390"]
[Annotator "NA"]
[PlyCount "124"]
[EventDate "2019.09.28"]
[EventType "team-tourn"]
[EventCountry "CRO"]
[SourceTitle "playchess.com"]
[Source "ChessBase"]
[SourceQuality "1"]
[TimeControl "40/5400+30:1800+30"]

1. e4 {[%emt 0:00:30]} e6 {[%emt 0:00:30]} 2. d4 {[%emt 0:00:00]} d5 {[%emt 0:00:00]} 3. Nd2 {[%emt 0:00:00]} h6 {[%emt 0:00:00]} 4. Ngf3 {[%emt 0:00:30]} Nf6 {[%emt 0:00:30]} 5. e5 {[%emt 0:00:30]} Nfd7 {[%emt 0:00:00]} 6. Bd3 {[%emt 0:00:30]} c5 {[%emt 0:00:00]} 7. c3 {[%emt 0:00:30]} Nc6 {[%emt 0:00:30]} 8. a3 {[%emt 0:01:30]} cxd4 {[%emt 0:03:30]} 9. cxd4 {[%emt 0:00:00]} Qb6 {[%emt 0:00:30]} 10. O-O {[%emt 0:01:00]} a5 {[%emt 0:04:30]} 11. Qa4 {[%emt 0:19:30]} Be7 {[%emt 0:18:30]} 12. Re1 {[%emt 0:07:30]} g5 {[%emt 0:01:30]} 13. h3 {[%emt 0:05:30]} h5 {[%emt 0:00:30]} 14. g4 {[%emt 0:01:30]} hxg4 {[%emt 0:17:30]} 15. hxg4 {[%emt 0:00:30]} Qd8 {[%emt 0:02:30]} 16. Nf1 {[%emt 0:02:30]} Nb6 {[%emt 0:01:30]} 17. Qd1 {[%emt 0:00:30]} a4 {[%emt 0:01:30]} 18. Ng3 {[%emt 0:06:30]} Na5 {[%emt 0:03:30]} 19. Kg2 {[%emt 0:04:30]} Nb3 {[%emt 0:00:30]} 20. Rb1 {[%emt 0:01:30]} Kd7 {[%emt 0:17:30]} 21. Qc2 {[%emt 0:07:30]} Ra5 {[%emt 0:05:30]} 22. Be3 {[%emt 0:07:30]} Nc4 {[%emt 0:01:01]} 23. Rh1 {[%emt 0:18:04]} b6 {[%emt 0:04:58]} 24. Rxh8 {[%emt 0:00:22]} Qxh8 {[%emt 0:00:04]} 25. Nf1 {[%emt 0:01:47]} Ba6 {[%emt 0:05:14]} 26. N1d2 {[%emt 0:01:49]} Nbxd2 {[%emt 0:00:44]} 27. Bxd2 {[%emt 0:01:11]} Nxd2 {[%emt 0:01:23]} 28. Qxd2 {[%emt 0:00:20]} Bxd3 {[%emt 0:05:13]} 29. Qxd3 {[%emt 0:00:05]} Qc8 {[%emt 0:01:26]} 30. Qh7 {[%emt 0:01:22]} Qf8 {[%emt 0:00:57]} 31. Rc1 {[%emt 0:00:38]} Ra7 {[%emt 0:01:11]} 32. Qd3 {[%emt 0:02:35]} Qb8 {[%emt 0:00:09]} 33. Qb5+ {[%emt 0:00:11]} Kd8 {[%emt 0:00:02]} 34. Rh1 {[%emt 0:00:18]} Kc7 {[%emt 0:00:57]} 35. Rc1+ {[%emt 0:02:28]} Kd8 {[%emt 0:00:02]} 36. Rh1 {[%emt 0:02:33]} Kc7 {[%emt 0:00:06]} 37. Qd3 {[%emt 0:03:56]} Qe8 {[%emt 0:01:54]} 38. Rh5 {[%emt 0:00:13]} Qg8 {[%emt 0:01:08]} 39. Qd2 {[%emt 0:00:20]} Kb8 {[%emt 0:01:19]} 40. Nxg5 {[%emt 0:00:00]} Rc7 {[%emt 0:00:00]} 41. Qf4 {[%emt 0:07:18]} Bd8 {[%emt 0:06:12]} 42. Kg3 {[%emt 0:07:15]} Kb7 {[%emt 0:00:30]} 43. Qd2 {[%emt 0:01:24]} Qg6 {[%emt 0:03:30]} 44. Nf3 {[%emt 0:01:37]} Rc2 {[%emt 0:01:30]} 45. Qb4 {[%emt 0:00:39]} f5 {[%emt 0:03:26]} 46. exf6 {[%emt 0:05:14]} Bc7+ {[%emt 0:00:17]} 47. Re5 {[%emt 0:00:11]} Qxf6 {[%emt 0:01:19]} 48. Qxa4 {[%emt 0:01:37]} Bxe5+ {[%emt 0:00:21]} 49. dxe5 {[%emt 0:00:12]} Qg6 {[%emt 0:00:22]} 50. Qd7+ {[%emt 0:01:55]} Rc7 {[%emt 0:00:32]} 51. Qd6 {[%emt 0:00:16]} Rc4 {[%emt 0:02:30]} 52. Qe7+ {[%emt 0:01:14]} Ka6 {[%emt 0:03:12]} 53. Qg5 {[%emt 0:00:36]} Qe4 {[%emt 0:08:49]} 54. Nd2 {[%emt 0:00:33]} Qd3+ {[%emt 0:00:09]} 55. Qe3 {[%emt 0:00:08]} Qxe3+ {[%emt 0:00:39]} 56. fxe3 {[%emt 0:00:03]} Rc8 {[%emt 0:01:23]} 57. Nf3 {[%emt 0:04:19]} Kb5 {[%emt 0:00:26]} 58. b3 {[%emt 0:00:31]} Kc6 {[%emt 0:00:20]} 59. Nd4+ {[%emt 0:01:40]} Kd7 {[%emt 0:00:05]} 60. Kf3 {[%emt 0:00:36]} Rc3 {[%emt 0:01:29]} 61. a4 {[%emt 0:01:00]} Ke7 {[%emt 0:00:20]} 62. Ke2 {[%emt 0:00:53]} Rc1 {[%emt 0:01:14]} 1/2-1/2

[Event "28th CRO-chT 1B-Men 2019"]
[Site "Mali Losinj"]
[Date "2019.10.03"]
[Round "6.23"]
[White "Ivekovic, Zvonimir"]
[Black "Pucovski, Miroslav"]
[Result "1/2-1/2"]
[WhiteElo "2405"]
[BlackElo "2238"]
[Annotator "TA"]
[PlyCount "87"]
[EventDate "2019.09.28"]
[EventType "team-tourn"]
[EventCountry "CRO"]
[SourceTitle "playchess.com"]
[Source "ChessBase"]
[SourceQuality "1"]

{[%evp 21,87,47,72,25,62,0,26,29,31,31,21,16,23,23,21,34,22,14,36,23,36,11,16,0,7,-86,-77,-118,-139,-295,-297,-262,-232,-231,-226,-222,-208,-207,-202,-563,-1038,-962,-783,-701,-397,-494,-492,-424,-316,-472,-467,-462,-404,-12835,-12835,-12834,-81,-81,-72,-72,-73,-80,-29,-36,0,0,0,-36]} 1. e4 c5 2. Nf3 Nc6 3. d4 cxd4 4. Nxd4 e5 5. Nb5 d6 6. N1c3 a6 7. Na3 b5 8. Nd5 Nge7 9. c4 Nxd5 10. exd5 Nd4 11. cxb5 Be7 12. Bc4 {B32: Sicilian: Löwenthal and Kalashnikov Variations} O-O 13. bxa6 (13. O-O $14) 13... Bxa6 14. O-O {White has an edge.} Qb6 15. b3 Rfb8 $146 ({Predecessor:} 15... Qc5 16. Bb2 Rfb8 17. Qd3 Bxc4 18. Nxc4 Qxd5 19. Rfd1 Bf6 {1-0 (66) Areshchenko,A (2625)-Maze,S (2494) Aarhus 2005}) 16. Be3 Qc5 17. Bxd4 exd4 18. Bxa6 Rxa6 19. Nc4 Qxd5 20. Qd3 Ra7 21. Ne3 Qe5 22. Nf5 {With the idea Rfe1.} Bf6 23. Rfe1 {[#]} (23. Rfd1 $11 {remains equal.}) 23... Rxa2 $1 $17 {[%mdl 512]} 24. Rac1 {[#]} (24. Rxa2 Qxe1+) 24... Qf4 $1 {[%cal Rf4f2]} 25. f3 $2 (25. Rc2 $17 {was called for.} Rxc2 26. Qxc2) 25... g6 $19 26. Ng3 Bh4 $40 {[%mdl 128] White is in trouble.} 27. Rc2 Rxc2 28. Qxc2 Bxg3 29. hxg3 Qxg3 {[%mdl 4096] Endgame KQR-KQR} 30. Re4 $2 (30. Kf1) 30... d5 31. Re2 Ra8 {( -> ...Ra1+)} 32. Qd1 Qf4 33. Rd2 Ra1 {[%mdl 64] Deflection} 34. Qxa1 Qxd2 {KQ-KQ} 35. Qa8+ Kg7 36. Qxd5 {intending Qe5+.} Qe3+ 37. Kh2 (37. Kf1 $142 d3 38. Qe4 Qc1+ 39. Kf2) 37... d3 38. b4 {[#]} Qf4+ $2 (38... h5 $1 $19 {is more deadly.} 39. b5 Qf4+ 40. Kg1 Qc1+ 41. Kf2 Qd2+ 42. Kg3 Qe1+ 43. Kh2 d2 44. Qd4+ f6 45. Qd7+ Kh6) 39. Kg1 $17 d2 {Threatens to win with ...Qe3+.} 40. b5 Qe3+ 41. Kh2 Qe1 ({Black should play} 41... h6 $17) 42. Qd4+ $11 Kh6 43. Qf4+ Kg7 44. Qd4+ {Accuracy: White = 26%, Black = 43%.} 1/2-1/2

[Event "28th CRO-chT 1B-Men 2019"]
[Site "Mali Losinj"]
[Date "2019.10.03"]
[Round "6.24"]
[White "Bubalovic, Davorin"]
[Black "Antunac, Goran"]
[Result "1-0"]
[WhiteElo "2212"]
[BlackElo "2379"]
[Annotator "TA"]
[PlyCount "68"]
[EventDate "2019.09.28"]
[EventType "team-tourn"]
[EventCountry "CRO"]
[SourceTitle "playchess.com"]
[Source "ChessBase"]
[SourceQuality "1"]

{[%evp 14,68,36,26,98,51,45,57,50,51,61,54,56,46,66,0,81,46,87,53,35,0,0,-9,-10,-10,-8,-8,-8,-13,-16,-18,-12,-10,-16,-32,-14,-27,-27,-25,-28,-37,-21,-21,-21,-34,-45,-41,-43,-37,783,762,1684,-34,-38,-33,-27]} 1. e4 c5 2. Nf3 e6 3. d4 cxd4 4. Nxd4 a6 5. Nc3 Qc7 6. Bd3 b5 7. O-O Bb7 8. Qe2 d6 {B43: Sicilian: Kan Variation: 5 Nc3} (8... Bd6 $11 {remains equal.}) 9. Bd2 Nf6 10. a4 (10. f4 Nbd7 11. Rae1 Be7 12. Nb3 b4 13. Nd1 d5 14. e5 Ne4 15. Be3 O-O 16. Nf2 {½-½ (35) Sunilduth Lyna,N (2568)-Kunte,A (2503) Patna 2017}) 10... bxa4 {White is slightly better.} 11. Rxa4 Be7 $1 12. Rfa1 O-O 13. Nb3 $146 ({Predecessor:} 13. b4 Nc6 14. Nxc6 Qxc6 15. Bxa6 Nxe4 16. Bxb7 Nxc3 17. Bxc6 Nxe2+ {1-0 (39) Gruber,M (2160)-Matt,S (1875) Seefeld 2007}) 13... Nfd7 14. Na5 (14. Nb5 $14 axb5 15. Rxa8 Bxa8 16. Rxa8) 14... Nb6 (14... Nc5 $11) 15. R4a2 Bc8 16. Nb3 Bf6 17. Qf3 Nc6 18. Bxa6 Bxa6 19. Rxa6 Rxa6 20. Rxa6 Nc4 21. Qe2 Nb8 22. Ra2 Nxb2 {[%mdl 64] [#] Remove Defender} 23. Rxb2 {And now Nb5 would win.} Bxc3 24. Ra2 Bxd2 25. Qxd2 Nc6 26. Qc3 Qb7 27. Ra4 Ne5 28. Rb4 Qa6 29. Nd4 h6 30. h3 Rc8 31. Qb3 {[#] Strongly threatening Ra4.} Kh7 $2 {[%mdl 8192]} (31... Qa1+ $15 32. Kh2 Kh7) 32. Ra4 $18 Kg8 33. Rb4 $2 ({White has to play} 33. Rxa6 $18 Rd8 34. Qb6 {[%mdl 64] Decoy}) 33... Qa1+ $15 34. Kh2 Rc3 {[%mdl 32768] Accuracy: White = 47%, Black = 65%. . Loss on time!?} 1-0

[Event "28th CRO-chT 1B-Men 2019"]
[Site "Mali Losinj"]
[Date "2019.10.04"]
[Round "7.1"]
[White "Brkic, Ante"]
[Black "Sedlak, Nikola"]
[Result "1/2-1/2"]
[WhiteElo "2600"]
[BlackElo "2557"]
[Annotator "ChessBase"]
[PlyCount "101"]
[EventDate "2019.09.28"]
[EventType "team-tourn"]
[EventCountry "CRO"]
[SourceTitle "playchess.com"]
[Source "ChessBase"]
[SourceQuality "1"]
[TimeControl "40/5400+30:1800+30"]

1. e4 {[%emt 0:00:30]} e5 {[%emt 0:00:30]} 2. Nf3 {[%emt 0:00:00]} Nc6 {[%emt 0:00:00]} 3. Bb5 {[%emt 0:01:00]} a6 {[%emt 0:00:00]} 4. Ba4 {[%emt 0:00:00]} d6 {[%emt 0:02:30]} 5. O-O {[%emt 0:00:00]} Bd7 {[%emt 0:00:30]} 6. c3 {[%emt 0:00:30]} g6 {[%emt 0:00:30]} 7. d4 {[%emt 0:00:30]} Bg7 {[%emt 0:00:00]} 8. Re1 {[%emt 0:00:00]} Nf6 {[%emt 0:02:00]} 9. h3 {[%emt 0:00:00]} O-O {[%emt 0:00:30]} 10. Bc2 {[%emt 0:00:30]} Nh5 {[%emt 0:01:30]} 11. Be3 {[%emt 0:03:30]} Qe8 {[%emt 0:11:30]} 12. Nbd2 {[%emt 0:03:30]} Kh8 {[%emt 0:01:30]} 13. Nb3 {[%emt 0:32:30]} a5 {[%emt 0:02:30]} 14. dxe5 {[%emt 0:04:30]} a4 {[%emt 0:01:30]} 15. Nbd2 {[%emt 0:04:30]} Nxe5 {[%emt 0:01:30]} 16. a3 {[%emt 0:07:30]} f5 {[%emt 0:11:30]} 17. exf5 {[%emt 0:09:30]} gxf5 {[%emt 0:00:30]} 18. Nxe5 {[%emt 0:02:30]} dxe5 {[%emt 0:01:30]} 19. f4 {[%emt 0:00:00]} Bc6 {[%emt 0:05:30]} 20. fxe5 {[%emt 0:08:00]} Rd8 {[%emt 0:01:30]} 21. Qe2 {[%emt 0:01:52]} f4 {[%emt 0:02:30]} 22. Bd4 {[%emt 0:00:43]} f3 {[%emt 0:06:30]} 23. Qd3 {[%emt 0:04:19]} f2+ {[%emt 0:00:30]} 24. Kh2 {[%emt 0:00:01]} Qg6 {[%emt 0:00:00]} 25. Qxg6 {[%emt 0:00:22]} hxg6 {[%emt 0:00:00]} 26. Red1 {[%emt 0:02:01]} Bb5 {[%emt 0:05:30]} 27. Nf3 {[%emt 0:03:10]} Be2 {[%emt 0:12:30]} 28. Bxf2 {[%emt 0:04:30]} Bxd1 {[%emt 0:02:30]} 29. Rxd1 {[%emt 0:00:30]} Rxd1 {[%emt 0:00:30]} 30. Bxd1 {[%emt 0:00:30]} Bxe5+ {[%emt 0:03:30]} 31. Kg1 {[%emt 0:00:00]} Bf4 {[%emt 0:01:30]} 32. Bxa4 {[%emt 0:00:18]} Bc1 {[%emt 0:00:30]} 33. Bc5 {[%emt 0:08:05]} Rd8 {[%emt 0:01:30]} 34. Bc2 {[%emt 0:00:23]} Bxb2 {[%emt 0:01:30]} 35. Bd4+ {[%emt 0:00:43]} Kg8 {[%emt 0:00:30]} 36. Be5 {[%emt 0:00:09]} Kf7 {[%emt 0:09:06]} 37. Bxc7 {[%emt 0:00:42]} Rc8 {[%emt 0:00:23]} 38. Be5 {[%emt 0:00:16]} Bxc3 {[%emt 0:00:24]} 39. Be4 {[%emt 0:01:18]} Bxe5 {[%emt 0:01:38]} 40. Nxe5+ {[%emt 0:00:00]} Ke6 {[%emt 0:00:00]} 41. Nxg6 {[%emt 0:02:38]} Kf6 {[%emt 0:05:29]} 42. Kf2 {[%emt 0:04:30]} Rc3 {[%emt 0:02:30]} 43. g4 {[%emt 0:04:30]} Ng3 {[%emt 0:03:30]} 44. Bxb7 {[%emt 0:01:30]} Kxg6 {[%emt 0:00:30]} 45. Bf3 {[%emt 0:00:00]} Nf1 {[%emt 0:01:30]} 46. Be4+ {[%emt 0:00:00]} Kg5 {[%emt 0:00:00]} 47. Kxf1 {[%emt 0:00:30]} Rxh3 {[%emt 0:00:00]} 48. Bf5 {[%emt 0:00:30]} Rxa3 {[%emt 0:00:30]} 49. Ke2 {[%emt 0:00:00]} Rg3 {[%emt 0:00:00]} 50. Kd2 {[%emt 0:01:00]} Rxg4 {[%emt 0:00:00]} 51. Bxg4 {[%emt 0:00:30]} 1/2-1/2